ordinances Nos. : No.4 of 1893. An ordinance To Ensure The Supervision And Safe Transit of Goods,Produce,And Merchandise From one Part of This Island To Another. (Record no. 51178)
[ view plain ]
| 000 -LEADER | |
|---|---|
| fixed length control field | 00452nam a2200133Ia 4500 |
| 008 - FIXED-LENGTH DATA ELEMENTS--GENERAL INFORMATION | |
| fixed length control field | 180921t xxu||||| ||||o00| 0 eng d |
| 041 ## - LANGUAGE CODE | |
| Language code of text/sound track or separate title | English |
| 080 ## - UNIVERSAL DECIMAL CLASSIFICATION NUMBER | |
| Universal Decimal Classification number | Vol.2 1880-1894 |
| 942 ## - ADDED ENTRY ELEMENTS (KOHA) | |
| Koha item type | Books |
| 003 - CONTROL NUMBER IDENTIFIER | |
| control field | LK-CoDNM |
| 040 ## - CATALOGING SOURCE | |
| Original cataloging agency | LK-CoDNM |
| Modifying agency | LK-CoDNM |
| Description conventions | LK-CoDNM |
| 245 ## - TITLE STATEMENT | |
| Title | ordinances Nos. : No.4 of 1893. An ordinance To Ensure The Supervision And Safe Transit of Goods,Produce,And Merchandise From one Part of This Island To Another. |
| 300 ## - PHYSICAL DESCRIPTION | |
| Extent | p.987-988, 23 cm |
| Withdrawn status | Lost status | Damaged status | Not for loan | Collection code | Permanent Location | Current Location | Date acquired | Full call number | Koha item type |
|---|---|---|---|---|---|---|---|---|---|
| Government Publications | Library National Museum Colombo - Sri Lanka | Library National Museum Colombo - Sri Lanka | 2013-04-05 | Vol.2 1880-1894 | Books |


